| 000 | 00604nam a2200229 a 4500 | ||
|---|---|---|---|
| 001 | nice12345678 | ||
| 003 | IN_TiNIC | ||
| 005 | 20260116012300.0 | ||
| 008 | 050524s1997 u ka grp 000 0 eng | ||
| 020 |
_a0860379 _c100 |
||
| 082 | 0 | 0 |
_a297.1 _bAHM |
| 100 | _aAhmad, Khurshid | ||
| 245 |
_aIslamic Perspective _b Studies in Honour of Mawlana Sayyid Abul A`La Mawdudi. |
||
| 260 |
_aU K _bIslamic Foundation _c1997 |
||
| 300 | _a392p. | ||
| 500 | _aincludes index and biblioraphy | ||
| 505 | 2 | _aIndex | |
| 650 | _aIslam-20th Century | ||
| 902 | _bSRS | ||
| 942 | _cBK | ||
| 999 |
_c6375 _d6375 |
||